| 000 | 00989nam a2200301Ia 4500 | ||
|---|---|---|---|
| 001 | Para_6019 | ||
| 003 | CHAP | ||
| 008 | 220125s1990 xx 000 0 und d | ||
| 010 | _a204774 | ||
| 040 | _cCHAP | ||
| 090 | _aPA TESIS 604 | ||
| 100 |
_aMorales López, Agustín _978315 |
||
| 245 |
_aFitopatógenos asociados con cítricos en la sabana de Huimanguillo, Tab. / _c por Agustín Morales López |
||
| 260 |
_aChapingo, Méx. : _b el autor |
||
| 300 | _a44 h. | ||
| 502 | _aTesis (Ing. Agr. Esp. en Parasitología Agrícola) -- UACh. Departamento de Parasitología Agrícola | ||
| 650 |
_aBacterias fitopatógenas _99326 |
||
| 650 |
_aCitricos _x enfermedades _924423 |
||
| 650 |
_aCitricos _x Tabasco _924466 |
||
| 710 |
_aUACh. Departamento Parasitología Agrícola _9164025 |
||
| 901 | _aPA TESIS 604 | ||
| 902 | _aA | ||
| 905 | _a0000001990 0000000000 00 | ||
| 910 | _a1990 | ||
| 942 | _cPARA | ||
| 942 |
_cPARA _d1 |
||
| 999 |
_c204774 _d204774 |
||